International business / (Record no. 16744)
[ view plain ]
| 000 -LEADER | |
|---|---|
| fixed length control field | 00693nam a22001937a 4500 |
| 008 - FIXED-LENGTH DATA ELEMENTS--GENERAL INFORMATION | |
| fixed length control field | 220316b ||||| |||| 00| 0 eng d |
| 020 ## - INTERNATIONAL STANDARD BOOK NUMBER | |
| International Standard Book Number | 9781260566215 |
| 082 ## - DEWEY DECIMAL CLASSIFICATION NUMBER | |
| Edition number | 2020 |
| Classification number | DC 338.88 |
| Item number | G315 |
| 100 ## - MAIN ENTRY--PERSONAL NAME | |
| Personal name | Geringer, J. Michael. |
| 9 (RLIN) | 44769 |
| 245 ## - TITLE STATEMENT | |
| Title | International business / |
| Statement of responsibility, etc. | J. Michael Geringer, Jeanne M. Mcnett and Donald A. Ball. |
| 250 ## - EDITION STATEMENT | |
| Edition statement | 2nd edition. |
| 260 ## - PUBLICATION, DISTRIBUTION, ETC. (IMPRINT) | |
| Place of publication, distribution, etc. | New York : |
| Name of publisher, distributor, etc. | McGraw Hill Education , |
| Date of publication, distribution, etc. | ©2020. |
| 300 ## - PHYSICAL DESCRIPTION | |
| Extent | xxvii, 547 pages : |
| Other physical details | color illustrations ; |
| Dimensions | 27cm. |
| 500 ## - GENERAL NOTE | |
| General note | Includes glossary and indexes. |
| 650 ## - SUBJECT ADDED ENTRY--TOPICAL TERM | |
| Topical term or geographic name as entry element | International trade. |
| 9 (RLIN) | 3544 |
| 700 ## - ADDED ENTRY--PERSONAL NAME | |
| Personal name | Mcnett, Jeanne M. |
| Relator term | author. |
| 9 (RLIN) | 44770 |
| 700 ## - ADDED ENTRY--PERSONAL NAME | |
| Personal name | Ball, Donald A. |
| Relator term | author. |
| 9 (RLIN) | 44771 |
| 942 ## - ADDED ENTRY ELEMENTS (KOHA) | |
| Source of classification or shelving scheme | Dewey Decimal Classification |
| Koha item type | Circulation |
| Withdrawn status | Lost status | Source of classification or shelving scheme | Damaged status | Not for loan | Collection code | Home library | Current library | Shelving location | Date acquired | Source of acquisition | Cost, normal purchase price | Total Checkouts | Full call number | Barcode | Date last seen | Date last checked out | Price effective from | Koha item type |
|---|---|---|---|---|---|---|---|---|---|---|---|---|---|---|---|---|---|---|
| Dewey Decimal Classification | Circulation | UM Digos College - LIC | UM Digos College - LIC | Book Cart | 02/10/2022 | Purchased | 3195.00 | 2 | DC 338.88 G315 2020 | 26555 | 05/16/2025 | 11/03/2022 | 03/16/2022 | Circulation |
